书目信息 |
| 题名: |
中国特色社会主义话语权研究
|
|
| 作者: | 许徐琪 著 | |
| 分册: | ||
| 出版信息: | 天津 天津人民出版社 2023 |
|
| 页数: | 240页 | |
| 开本: | 24cm | |
| 丛书名: | ||
| 单 册: | ||
| 中图分类: | D616 , G210 | |
| 科图分类: | ||
| 主题词: | 中国特色社会主义--新闻语言--研究 | |
| 电子资源: | ||
| ISBN: | 978-7-201-18571-2 | |
| 000 | 00687nam0 2200229 450 | |
| 001 | 2340294021 | |
| 005 | 20231204111142.58 | |
| 010 | @a978-7-201-18571-2@dCNY95.00 | |
| 100 | @a20230505d2023 kemy0chiy50 ea | |
| 101 | 0 | @achi |
| 102 | @aCN@b120000 | |
| 105 | @ay v 000yy | |
| 200 | 1 | @a中国特色社会主义话语权研究@Azhong guo te se she hui zhu yi hua yu quan yan jiu@f许徐琪著 |
| 210 | @a天津@c天津人民出版社@d2023 | |
| 215 | @a240页@d24cm | |
| 300 | @a浙江省重点智库全面从严治党研究中心资助 | |
| 606 | 0 | @a中国特色社会主义@x新闻语言@x研究 |
| 690 | @aD616@v5 | |
| 690 | @aG210@v5 | |
| 701 | 0 | @a许徐琪@Axu xu qi@4著 |
| 801 | 0 | @aCN@b91MARC@c20230514 |
| 905 | @aZUCC@dD616@e124 | |
| 中国特色社会主义话语权研究/许徐琪著.-天津:天津人民出版社,2023 |
| 240页;24cm |
| 浙江省重点智库全面从严治党研究中心资助 |
| ISBN 978-7-201-18571-2:CNY95.00 |
| ● |
| 相关链接 |
|
|
|
正题名:中国特色社会主义话语权研究
索取号:D616/124
 
预约/预借
| 序号 | 登录号 | 条形码 | 馆藏地/架位号 | 状态 | 备注 |
| 1 | 2001258391 | 2001258391 | 辽宁北方(第一批)/辽宁北方(第一批)/124/ [索取号:D616/124] | 在馆 | |
| 2 | 2001258392 | 2001258392 | 辽宁北方(第一批)/辽宁北方(第一批)/124/ [索取号:D616/124] | 在馆 | |
| 3 | 2001258393 | 2001258393 | 辽宁北方(第一批)/辽宁北方(第一批)/124/ [索取号:D616/124] | 在馆 | |
| 4 | 2001258394 | 2001258394 | 辽宁北方(第一批)/辽宁北方(第一批)/124/ [索取号:D616/124] | 在馆 | |
| 5 | 2001258395 | 2001258395 | 辽宁北方(第一批)/辽宁北方(第一批)/124/ [索取号:D616/124] | 在馆 | |
| 6 | 2001258396 | 2001258396 | 辽宁北方(第一批)/辽宁北方(第一批)/124/ [索取号:D616/124] | 在馆 |